LEADER 01274nam a2200265 u 4500 001 000000113300 003 CaOOAMICUS 005 20081002122650.0 008 081002s2008 it u000 u ita r 020 $z978-88-6008-148-3* 040 $aPUL$bita$dLDB 100 1 $aTambone, Vittorandolfo,$d1959-$0(OLS)http://pul/name/41551 245 10$aEutanasia e medicina :$bil rapporto tra medicina, cultura e media /$cVittoraldolfo Tambone, Dario Sacchini, Cesare Davide Cavoni ; introduzione di Joaquín Navarro-Valls. 260 $aTorino :$bUTET Università,$cc2008. 300 $axiii, 384 p. ;$c24 cm. 504 $aBibliografia : p. [365]-384. 650 14$aEutanasia$xAspetti sociali.$0(OLS)http://pul/subject/26711 700 1 $aSacchini, Dario.$0(OLS)http://pul/name/69471 700 1 $aCavoni, Cesare Davide.$0(OLS)http://pul/name/69470 850 $aPUL 852 $aPUL$W1$xSL Filosofia 3$y81$m174. 2 TAMVI 1$j129491$qDDC 21$B128539$CPULBib$Z2$F128539 $H107909 $82 941 1 $a9 996 $6020$z978-88-6008-148-3*$9(OLS)http://pul/number/138724 996 $6245$aEutanasia e medicina :$bil rapporto tra medicina, cultura e media$9(OLS)http://pul/title/142377 996 $6260$aTorino :$bUTET Università$9(OLS)http://pul/publisher/80059 LEADER 03450nam a2200493 u 4500 001 000000119028 003 CaOOAMICUS 005 20210727163138.0 008 091223m19999999fr 000 u lat r 020 $z978-2-13-052718-3 (V. 1)* 020 $a9782130493877 (v.3)* 020 $a978-213-081149-7 (v.4)* 032 $aLibriCat 040 $aPUL$bita$dReb 041 1 $afre$hlat 100 1 $aSpinoza, Benedictus de,$d1632-1677.$0(OLS)http://pul/name/1480 245 10$aOeuvres /$cSpinoza ; édition publiée sous la direction de Pierre-François Moreau. 260 $aParis :$bPresses Universitaires de France,$c1999- 300 $a v. ;$c22 cm 490 1 $aEpiméthée 500 $aV. 1 pubblicato nel 2009; v. 3 nel 1999; v.4 nel 2020. 504 $aInclude riferimenti bibliografici ed indice. 505 1 $aV. 1: Premiers ècrits. Tractatus de intellectus emendatione = Traité de la réforme de l'entendement / Texte établi par Filippo Mignini ; traduction par Michelle Beyssade. Korte verhandeling = Court traité / Texte établi par Filippo Mignini ; traduction par Joel Ganault . -- v. 3: Tractatus Theologicus Politicus = Traité Théologico-politique / texte établi par Fokke Akkerman ; traduction et notes par Jacqueline Lagrée et Pierre François Moreau. -- v. 4: Ethica = Ethique / Texte établi par Fokke Akkerman et Piet Steenbakkers; traduction par Pierre-François Moreau ; introduction et notes de Pierre-François Moreau et Piet Steenbakkers ; avec annexes par Fabrice Audié, André Charrak et Pierre-François Moreau 546 $aTesto latino con traduzione francese a fronte; introduzioni e apparato critico in francese. 700 1 $aSpinoza, Benedictus de,$d1632-1677.$tOpere.$0(OLS)http://pul/nameTitle/1078$0(OLS)http://pul/name/1480$0(OLS)http://pul/title/5258 700 1 $aMoreau, Pierre-François,$d1948-$0(OLS)http://pul/name/49412 700 1 $aMignini, Filippo.$0(OLS)http://pul/name/40707 700 1 $aAkkerman, Fokke,$d1930-$0(OLS)http://pul/name/49544 700 1 $aSteenbakkers, Piet.$0(OLS)http://pul/name/112269 700 1 $aSpinoza, Benedictus de,$d1632-1677.$tTractatus de intellectus emendatione.$0(OLS)http://pul/nameTitle/1971$0(OLS)http://pul/name/1480$0(OLS)http://pul/title/216006 700 1 $aSpinoza, Benedictus de,$d1632-1677.$tEthica.$0(OLS)http://pul/nameTitle/1972$0(OLS)http://pul/name/1480$0(OLS)http://pul/title/60 700 1 $aSpinoza, Benedictus de,$d1632-1677$tTractatus Theologico-Politicus.$0(OLS)http://pul/name/64310 830 0$aEpiméthée.$0(OLS)http://pul/title/13231 850 $aPUL 852 $aPUL$W1$xSL Filosofia 1$y2$m86 P 99.1$j136562$bv. 1$qStampati$B135567$CPULBib$Z2$F135567 $H112266 $82 852 $aPUL$W1$xSL Filosofia 1$y2$m86 P 99.3$j199005$bv. 3$qStampati$B203639$CPULBib$Z2$F203639 $H87203 $82 852 $aPUL$W1$xSL Filosofia 1$y2$m86 P 99.4$j199006$bv. 4$qStampati$B203640$CPULBib$Z2$F203640 $H135086 $82 941 1 $a8 996 $6020$a978-213-081149-7 (v.4)*$9(OLS)http://pul/number/168308 996 $6020$z978-2-13-052718-3 (V. 1)*$9(OLS)http://pul/number/142914 996 $6020$a9782130493877 (v.3)*$9(OLS)http://pul/number/168307 996 $6245$aOeuvres$9(OLS)http://pul/title/6880 996 $6260$aParis :$bPresses Universitaires de France$9(OLS)http://pul/publisher/47940